El pensamiento pedagogico Universal/ (Registro nro. 8705)
[ vista simple ]
| 000 -LEADER | |
|---|---|
| fixed length control field | 01358nam a2200193Ia 4500 |
| 005 - FECHA Y HORA DE LA ÚLTIMA TRANSACCIÓN | |
| control field | 20230725112417.0 |
| 008 - FIXED-LENGTH DATA ELEMENTS--GENERAL INFORMATION | |
| fixed length control field | 230725s9999 xx 000 0 und d |
| 040 ## - CATALOGING SOURCE | |
| Original cataloging agency | UPAN |
| Transcribing agency | Biblioteca San Vicente |
| Description conventions | RCAA2 |
| 041 ## - LANGUAGE CODE | |
| Language code of text/sound track or separate title | spa |
| 082 ## - DEWEY DECIMAL CLASSIFICATION NUMBER | |
| Classification number | 370.1 |
| Item number | A283p |
| año de publicación | 1992 |
| 100 ## - MAIN ENTRY--PERSONAL NAME | |
| Personal name | Aguiluz Aviles, Gilberto |
| Relator code | aut. |
| 245 #0 - TITLE STATEMENT | |
| Title | El pensamiento pedagogico Universal/ |
| Remainder of title | Gilberto Aguilar Aviles |
| 250 ## - EDITION STATEMENT | |
| Edition statement | 1° ed. |
| 260 ## - PUBLICATION, DISTRIBUTION, ETC. (IMPRINT) | |
| Place of publication, distribution, etc | El Salvador: |
| Name of publisher, distributor, etc | CONCULTURA, |
| Date of publication, distribution, etc | 1992 |
| 300 ## - PHYSICAL DESCRIPTION | |
| Extent | 215 p.; |
| Dimensions | 23 cm. |
| 505 ## - FORMATTED CONTENTS NOTE | |
| Formatted contents note | 1. A los maestros de mi paìs<br/>2. El porqué de este libro<br/>3. Diálogo Menòn (o de la virtud)<br/>4. Páginas de la didáctica magna<br/>5. Páginas del Emilio<br/>6. Páginas de como Gertrudis enseña a sus hijos<br/>7. El sistema preventivo en la educación de la juventud<br/>8. Los valores<br/>9. El carácter del niño<br/>10. La educacion moral<br/>11. El método Cousinet <br/>12. La misión de la pedagogía<br/>13. Enfermedades del espíritu infantil<br/>14. El método Mackinder <br/>15. La lección del silencio<br/>16. La actitud educadora<br/>17. Pensamientos de tendencia pedagógica y educativa<br/>18. La libertad de las escuelas nuevas <br/>19. Aprender a ganar dinero<br/>20. El niño que no aprende<br/>21. ¿ Existe una literatura infantil propiamente dicha?<br/>22. El principio de la consolidación del éxito y de la ejercitación |
| 650 ## - SUBJECT ADDED ENTRY--TOPICAL TERM | |
| Source of heading or term | LEMB |
| Topical term or geographic name as entry element | Pensamiento |
| General subdivision | Pedagogia |
| 942 ## - ADDED ENTRY ELEMENTS (KOHA) | |
| Koha item type | Libros |
| Source of classification or shelving scheme | Dewey Decimal Classification |
| Withdrawn status | Lost status | Source of classification or shelving scheme | Damaged status | Not for loan | Collection code | Home library | Current library | Date acquired | Total Checkouts | Full call number | Barcode | Date last seen | Copy number | Price effective from | Koha item type |
|---|---|---|---|---|---|---|---|---|---|---|---|---|---|---|---|
| Dewey Decimal Classification | Colección General | Biblioteca UPAN San Vicente | Biblioteca UPAN San Vicente | 25/07/2023 | 370.1 A283p | 12003881 | 25/07/2023 | 01 | 25/07/2023 | Libros | |||||
| Dewey Decimal Classification | Colección General | Biblioteca UPAN San Vicente | Biblioteca UPAN San Vicente | 25/07/2023 | 370.1 A283p | 12003880 | 25/07/2023 | 02 | 25/07/2023 | Libros | |||||
| Dewey Decimal Classification | Colección General | Biblioteca UPAN San Vicente | Biblioteca UPAN San Vicente | 25/07/2023 | 370.1 A283p | 12001254 | 25/07/2023 | 03 | 25/07/2023 | Libros |